| 000 | 003370000a22001450004500 | ||
|---|---|---|---|
| 003 | MACL | ||
| 040 | _aMACL | ||
| 090 |
_c4527 _d4526 |
||
| 100 | _aBanerjee, S P | ||
| 245 |
_aPhilosophy in Europe After Hegel _bGlobal Philosophy for Everyman |
||
| 260 |
_bNavakarnataka _c1991 |
||
| 350 | _a95 | ||
| 650 | _aPhilosophy | ||
| 942 |
_cBOOK _k100 |
||
| 999 |
_c4493 _d4493 |
||